000 00235 a2200109 4500
003 OSt
005 20250901165808.0
008 250320b |||||||| |||| 00| 0 eng d
040 _cD
245 _aUA LA FARAJA
_cW.E. MKUFYA
942 _2lcc
_cBK
999 _c9330
_d9330